000
00220 a2200097 4500
001
43496
100
_a
Shakespeare
245
_a
As You Like It
260
_a
London
_b
Cambridge University Press
_c
090
_c
27310
_d
27310
942
_a
NUST-CAE
_c
M
_c
19237
999
_c
278569
_d
278569